000
00314nam a2200133Ia 4500
008
231129s1970||||xx |||||||||||||| ||spa||
040
_b
spa
082
_a
M863 A958ll
100
_a
Aviles Fabila Rene
245
0
_a
La lluvia no mata las flores
260
_c
1970
264
_a
Joaquin Mortiz
942
_2
ddc
_c
BKS
999
_c
17502
_d
17502